000 00705nam a2200265Ia 4500
005 20260302114908.0
008 008 260114s9999 xx 000 0 eng d
020 _a9781978728325
037 _aTextbook
040 _aCRL
040 _beng
040 _cCRL
041 _2eng
041 _aeng
084 _qCRL
100 _aEmily O'Dell & Jeanne Jégousso
_91120092
245 0 _aTeaching, Reading, and Theorizing Caribbean Texts
260 _bBloomsbury
260 _bLexington Books
260 _c2020
650 _aLiterary Studies
856 _uhttps://doi.org/10.5040/9781978728325?locatt=label:secondary_bloomsburyCollections
942 _cEBOOK
999 _c1684215
_d1684215